Countryside and small stock journal
| Título anterior: | Countryside Dairy goat guide Backyard poultry |
|---|---|
| Formato: | Electrónico Revista |
| Lenguaje: | inglés |
| Publicado: |
[Waterloo, Wis.] :
[Countryside Publications],
[©1985]-
|
| Materias: | |
| Acceso en línea: | Full text available from Research Library: 11/01/1995 to 11/30/2010 |
MARC
| LEADER | 00000nas a2200000 a 4500 | ||
|---|---|---|---|
| 001 | ssj0005932 | ||
| 003 | WaSeSS | ||
| 005 | 20200512172242.0 | ||
| 006 | m d | ||
| 007 | cr n | ||
| 008 | 850226c19859999wiubr p s 0 a0eng d | ||
| 010 | |a sn 85000722 | ||
| 016 | 7 | |a 007156167 |2 Uk | |
| 022 | |l 8750-7595 |y 8750-7595 | ||
| 032 | |a 498940 |b USPS | ||
| 035 | |a (WaSeSS)ssj0005932 | ||
| 037 | |b Countryside Publications, 145 Industrial Dr., Medford, WI 34451 | ||
| 040 | |a NSD |b eng |c NSD |d AGL |d NST |d NSD |d NST |d NSD |d OCL |d OCLCQ |d NSD |d KYB |d OCLCQ |d CUS |d UKMGB |d OCLCQ |d OCLCF |d OCLCO |d GRR |d OCLCO |d XFH |d OCLCQ |d CPO |d OCLCO |d JX5 |d WaSeSS | ||
| 042 | |a nsdp | ||
| 043 | |a n-us--- | ||
| 050 | 1 | 4 | |a SF140 |
| 070 | 0 | |a S521.C62 | |
| 072 | 0 | |a A000 | |
| 072 | 0 | |a L100 | |
| 082 | 1 | 4 | |a 636 |2 11 |
| 130 | 0 | |a Countryside and small stock journal (Waterloo, Wis. : 1985) | |
| 210 | 0 | |a Countrys. small stock j. |b (1985) | |
| 222 | 0 | |a Countryside and small stock journal |b (1985) | |
| 245 | 1 | 0 | |a Countryside and small stock journal |h [electronic resource]. |
| 246 | 3 | 0 | |a Countryside |
| 246 | 1 | 3 | |a Countryside & small stock journal |
| 260 | |a [Waterloo, Wis.] : |b [Countryside Publications], |c [©1985]- | ||
| 310 | |a Bimonthly, |b <Mar./Apr. 1986-> | ||
| 321 | |a Monthly, |b Feb. 1985- | ||
| 362 | 0 | |a Vol. 69, no. 2 (Feb. 1985)- | |
| 500 | |a Title from cover. | ||
| 500 | |a Title varies slightly. | ||
| 506 | |a License restrictions may limit access. | ||
| 580 | |a Merger of: Countryside; Dairy goat guide; and: Backyard poultry. | ||
| 588 | |a Latest issue consulted: Vol. 94, no. 1 (Jan./Feb. 2010). | ||
| 650 | 0 | |a Livestock |z United States |v Periodicals. | |
| 650 | 0 | |a Country life |z United States |v Periodicals. | |
| 650 | 3 | |a Country life |v Periodicals. | |
| 650 | 3 | |a Country life |z United States |v Periodicals. | |
| 650 | 3 | |a Livestock |z United States |v Periodicals. | |
| 650 | 7 | |a Country life. |2 fast |0 (OCoLC)fst00881405 | |
| 650 | 7 | |a Livestock. |2 fast |0 (OCoLC)fst01000722 | |
| 651 | 7 | |a United States. |2 fast |0 (OCoLC)fst01204155 | |
| 655 | 0 | |a Electronic journals. | |
| 780 | 1 | 4 | |t Countryside |x 0363-8723 |w (DLC) 76646942 |
| 780 | 1 | 4 | |t Dairy goat guide |x 0164-6516 |w (OCoLC)4419250 |
| 780 | 1 | 4 | |t Backyard poultry |x 0194-9462 |w (OCoLC)5143372 |
| 850 | |a CSf |a CU-A |a DNAL |a DeU |a IaAS |a InLP |a KMK |a MiEM |a NIC |a OU |a OrCS |a TU |a ULA | ||
| 856 | 4 | 0 | |z Full text available from Research Library: 11/01/1995 to 11/30/2010 |u https://search.proquest.com/publication/36762 |